000 00574nam a2200205Ia 4500
005 20250505145659.0
008 008 250505s9999 xx 000 0 eng d
037 _aTextbook
040 _aFML
_bhin
_cFML
041 _ahin
_2hin
084 _aNRV33,6 R3
_qFML
100 _aRam, Sudarshan
_9754187
245 0 _aTablee Ke Gharane Vadan Shailiya Avam Bandishee
260 _aNew Delhi , India
_bKanishka Pub. Dist.
_c2023
300 _a259p
365 _aINR
_b850
650 _aMusic
942 _cTB
_hNRV33,6 R3
999 _c1311395
_d1311395